LIBRARY & INFORMATION CENTRE, KCAET, TAVANUR

ONLINE PUBLIC ACCESS CATALOGUE (OPAC)

Mechanical engineer`s handbook : Materials and mechanical design / (Record no. 13361)

MARC details
000 -LEADER
fixed length control field 00443cam a2200169ua 4500
041 ## - LANGUAGE CODE
Language code of text/sound track or separate title eng
082 ## - DEWEY DECIMAL CLASSIFICATION NUMBER
Classification number 621.02
Item number KUT/Me
100 ## - MAIN ENTRY--AUTHOR NAME
Personal name Kutz, Myer.
245 00 - TITLE STATEMENT
Title Mechanical engineer`s handbook : Materials and mechanical design /
250 ## - EDITION STATEMENT
Edition statement 3 /
260 ## - PUBLICATION, DISTRIBUTION, ETC. (IMPRINT)
Place of publication London :
Name of publisher John Wiley & Sons ,
Year of publication 2006.
300 ## - PHYSICAL DESCRIPTION
Number of Pages 1341 ; .
500 ## - GENERAL NOTE
General note Book - 1
942 ## - ADDED ENTRY ELEMENTS (KOHA)
Koha item type Books
Holdings
Withdrawn status Lost status Damaged status Home library Current library Date acquired Full call number Accession Number Koha item type
      KAUAET KAUAET 07/04/2012 621.02 21699 Reference
free website counter